| 000 | 01654nam a22003857a 4500 | ||
|---|---|---|---|
| 001 | 0145 | ||
| 003 | DO-SdBNP | ||
| 005 | 20240812102757.0 | ||
| 007 | 0145 | ||
| 008 | 160624b 20uu sp || 00| 0 spa d | ||
| 016 | _a | ||
| 020 | _a8475051812 (o.c.) | ||
| 040 |
_aBPMSR _bspa _cBPMSU |
||
| 082 | 4 |
_a808.83 _bA634m 2021 _2 22 |
|
| 245 | 0 | 0 |
_aAntología : _blos mejores relatos de los Siglos de Oro / _cselección, prólogo y notas de Aurelio González. |
| 260 |
_aMadrid : _bAlfaguara, _c2021 |
||
| 300 |
_a420 p. ; _c23 cm. |
||
| 490 | 0 | _aRoja | |
| 505 | 0 | _aEl licenciado vidriera / Miguel de Cervantes ; La más prudente venganza / Lope de Vega ; El alguacil endemoniado / Francisco Quevedo ; El jardín engañoso / María de Zayas ; Crisi I / Baltasar Gracián ; Respuesta a Sor Filotea de la Cruz / Sor Juana Inés de la Cruz. | |
| 590 | _aInventariado, 2024/VM | ||
| 600 | _2 | ||
| 650 | 4 |
_aCuentos _vColecciones |
|
| 650 | 4 |
_aVenganza _vCuentos _3 |
|
| 650 | 4 |
_aJardines _vCuentos. |
|
| 650 | 4 |
_aVenganza _vCuentos |
|
| 700 | 1 |
_aCervantes Saavedra, Miguel de, _d1547-1616. _tLicenciado vidriera. _c |
|
| 700 | 1 |
_aZayas y Sotomayor, María de, _d1590-1661. _tJardín engañoso |
|
| 700 | 1 |
_aGracián, Baltasar, _d1601-1658. _tCrisi I. |
|
| 700 | 1 |
_a Juana Inés de la Cruz, _c Sor, _d 1651-1695. _tRespuesta a Sor Filotea de la Cruz. |
|
| 700 | 1 |
_aHigueras Díez, Marta, _eed. |
|
| 700 | 1 |
_aQuevedo y Villegas, Francisco Gómez de, _d 1580-1645. _tAlguacil endemoniado. _4 |
|
| 700 | 1 |
_aVega Carpio, Félix Lope de, _d 1562-1635. _t Más prudente venganza. _c |
|
| 910 | _aVMateo V. Control de calidad. BPMSU | ||
| 942 |
_2ddc _cBK |
||
| 999 |
_c10585 _d10585 |
||